| 000 | 00845pam a2200265 a 4500 | ||
|---|---|---|---|
| 001 | 013315294 | ||
| 003 | Uk | ||
| 005 | 20121003140334.0 | ||
| 008 | 051012s2012 enka 000 0 eng | ||
| 015 |
_aGBA587969 _2bnb |
||
| 020 | _a0273705172 (pbk.) : | ||
| 020 | _a9780273705178 (pbk.) : | ||
| 082 | 0 | 4 |
_a330.076 _222 _bSLO |
| 100 | 1 |
_aSloman, John, _d1947- _931048 |
|
| 245 | 1 | 0 |
_aEconomics : _bStudent Workbook / _cJohn Sloman, Peter Smith. |
| 250 |
_a8th ed. / _bJohn Sloman, Peter Smith. |
||
| 260 |
_aHarlow : _bFinancial Times/Prentice Hall, _c2012. |
||
| 300 |
_aviii, 299 p. : _bill. ; _c27 cm. |
||
| 650 | 0 |
_aEconomics. _931049 |
|
| 650 | 0 |
_aEconomics _vProblems, exercises, etc. _931050 |
|
| 653 |
_bBus _cOctober2012 |
||
| 690 | 7 |
_aManagement and Business Studies _2blcoll |
|
| 700 | 1 |
_aSmith, Peter, _d1947- _931051 |
|
| 942 |
_2ddc _cBB |
||
| 999 |
_c17052 _d17024 |
||